Fahrenheit to Celsius Conversions - Statistics

General Stats
  • This quiz has been taken 40 times
    33 since last reset
  • The average score is 4 of 20
Answer Stats
Hint Answer % Correct
32 0
82%
50 10
68%
0 -17.8
23%
82 27.8
23%
100 37.8
23%
61 16.1
18%
1 -17.2
18%
-459.67 -273.2
18%
85 29.4
18%
15 -9.4
18%
356 180
14%
973 522.8
14%
-172 -113.3
9%
-174 -114.4
9%
350 176.7
9%
-47 -43.9
9%
1000 537.8
9%
10,000 5537.8
9%
-126 -87.8
9%
169 76.1
5%
No matching quizzes found
Score Distribution
Percent of People with Each Score
Percentile by Number Answered
Your Score History
You have not taken this quiz since the last reset